[Event "Mecklenburg VP LL2 Ost 1617"]
[Site "Mecklenburg VP"]
[Date "2017.01.15"]
[Round "5.3"]
[White "Reinke, Thomas"]
[Black "Laser, Dirk"]
[Result "1/2-1/2"]
[WhiteElo "1876"]
[BlackElo "1805"]
[PlyCount "56"]
[EventDate "2016.10.16"]
[EventType "team-tourn"]
[EventRounds "9"]
[EventCountry "GER"]
[SourceTitle "EXT 2022"]
[Source "ChessBase"]
[SourceDate "2021.10.06"]
[SourceVersion "1"]
[SourceVersionDate "2021.10.06"]
[SourceQuality "1"]
[WhiteTeam "Wolgast Motor"]
[BlackTeam "Graal Mueritz"]
[WhiteTeamCountry "GER"]
[BlackTeamCountry "GER"]

1. e4 c5 2. Nc3 Nc6 3. g3 g6 4. Bg2 Bg7 5. d3 d6 6. f4 e6 7. Nf3 Nge7 8. 0-0 0-0 9. Be3 Nd4 10. Rb1 Rb8 11. Ne2 Nxf3+ 12. Bxf3 Qa5 13. a3 Bd7 14. Qd2 Qxd2 15. Bxd2 Nc6 16. c3 b5 17. Be3 Rfc8 18. e5 dxe5 19. Bxc5 exf4 20. Bd6 fxg3 21. Bxb8 Rxb8 22. hxg3 Ne5 23. Bg2 a5 24. Bf3 Bh6 25. Rbd1 b4 26. axb4 axb4 27. Nd4 bxc3 28. bxc3 Rc8 1/2-1/2

[Event "Mecklenburg VP LL2 Ost 1516"]
[Site "Mecklenburg VP"]
[Date "2016.04.24"]
[Round "9.8"]
[White "Laser, Dirk"]
[Black "Mundt, Friedhelm"]
[Result "1-0"]
[WhiteElo "1802"]
[BlackElo "1177"]
[PlyCount "59"]
[EventDate "2015.09.20"]
[EventType "team-tourn"]
[EventRounds "9"]
[EventCountry "GER"]
[SourceTitle "EXT 2022"]
[Source "ChessBase"]
[SourceDate "2021.10.06"]
[SourceVersion "1"]
[SourceVersionDate "2021.10.06"]
[SourceQuality "1"]
[WhiteTeam "Graal Mueritz"]
[BlackTeam "Bergen Rugia"]
[WhiteTeamCountry "GER"]
[BlackTeamCountry "GER"]

1. e4 e5 2. f4 d6 3. Nf3 Bg4 4. Bc4 Bxf3 5. Qxf3 Nf6 6. Nc3 Be7 7. d3 0-0 8. f5 Nc6 9. Be3 a6 10. g4 Nd7 11. 0-0-0 Bg5 12. Kb1 b5 13. Bd5 Ndb8 14. h4 Bxe3 15. Qxe3 Ra7 16. g5 Ne7 17. Qxa7 Nxd5 18. Nxd5 c6 19. Nc3 b4 20. Ne2 c5 21. Qb7 Qa5 22. h5 Qa4 23. g6 Nc6 24. gxf7+ Rxf7 25. Qc8+ Rf8 26. Qe6+ Rf7 27. Rhg1 Qb5 28. h6 Kf8 29. hxg7+ Rxg7 30. Rxg7 1-0

[Event "Mecklenburg VP LL2 Ost 1112"]
[Site "Mecklenburg VP"]
[Date "2011.10.02"]
[Round "1.4"]
[White "Laser, Dirk"]
[Black "Schmidt, Paul1"]
[Result "1-0"]
[WhiteElo "1834"]
[BlackElo "1606"]
[PlyCount "79"]
[EventDate "2011.10.02"]
[EventType "team-tourn"]
[EventRounds "9"]
[EventCountry "GER"]
[SourceTitle "EXT 2022"]
[Source "ChessBase"]
[SourceDate "2021.10.06"]
[SourceVersion "1"]
[SourceVersionDate "2021.10.06"]
[SourceQuality "1"]
[WhiteTeam "Graal Mueritz"]
[BlackTeam "Torgelow Droegeheide II"]
[WhiteTeamCountry "GER"]
[BlackTeamCountry "GER"]

1. e4 c5 2. Nf3 d6 3. d4 cxd4 4. Nxd4 Nf6 5. Nc3 a6 6. Be3 e6 7. f3 Be7 8. Qd2 Nbd7 9. g4 0-0 10. g5 Ne8 11. 0-0-0 Qc7 12. h4 b5 13. h5 Ne5 14. f4 Nc4 15. Bxc4 Qxc4 16. b3 Qc7 17. g6 h6 18. gxf7+ Rxf7 19. f5 b4 20. fxe6 Bxe6 21. Na4 Bd7 22. Nb2 Nf6 23. Qg2 Kh8 24. e5 Rc8 25. exf6 Bxf6 26. Qg6 Bxd4 27. Bxd4 Bf5 28. Qxh6+ Kg8 29. Qd2 Bxc2 30. Nc4 Bxd1 31. Kxd1 Qc6 32. Rg1 Rd8 33. h6 Qf3+ 34. Kc1 Qc6 35. hxg7 Qe4 36. Kb2 Qh4 37. Rg6 Rf4 38. Be3 Rf5 39. Rg5 Rf7 40. Qd5 1-0

[Event "Mecklenburg VP LL2 West 0910"]
[Site "Mecklenburg VP"]
[Date "2010.03.21"]
[Round "8.2"]
[White "Stuewe, Lothar"]
[Black "Laser, Dirk"]
[Result "0-1"]
[WhiteElo "1542"]
[BlackElo "2035"]
[PlyCount "83"]
[EventDate "2009.10.18"]
[EventType "team-tourn"]
[EventRounds "9"]
[EventCountry "GER"]
[SourceTitle "EXT 2016"]
[Source "ChessBase"]
[SourceDate "2015.10.08"]
[SourceVersion "1"]
[SourceVersionDate "2015.10.08"]
[SourceQuality "1"]
[WhiteTeam "Ludwigslust Post SV II"]
[BlackTeam "Neukloster IV"]
[WhiteTeamCountry "GER"]
[BlackTeamCountry "GER"]

1. e4 c5 2. Nf3 d6 3. d3 Nc6 4. c3 Nf6 5. Be2 g6 6. Bg5 Bg7 7. Nbd2 0-0 8. 0-0 h6 9. Bxf6 Bxf6 10. Qc2 Bd7 11. Rac1 Rc8 12. Qb1 a6 13. h3 b5 14. b3 Bg7 15. Nh2 e5 16. Bg4 f5 17. exf5 gxf5 18. Bf3 Be6 19. Rfe1 d5 20. Rcd1 Qf6 21. Rf1 e4 22. dxe4 dxe4 23. Nxe4 fxe4 24. Bxe4 Bf5 25. Ng4 Bxg4 26. hxg4 Ne5 27. Bf5 Rcd8 28. Rxd8 Rxd8 29. Qe4 Qc6 30. Qe3 Re8 31. Qf4 Qd6 32. g5 hxg5 33. Qxg5 Qh6 34. Qg3 Rf8 35. Be4 Rf4 36. Re1 Rh4 37. Bd5+ Kh8 38. Kf1 Rh1+ 39. Ke2 Rxe1+ 40. Kxe1 Qc1+ 41. Ke2 Qc2+ 42. Ke1 0-1

[Event "Mecklenburg VP LL2 West 0910"]
[Site "Mecklenburg VP"]
[Date "2009.10.18"]
[Round "1.5"]
[White "Laser, Dirk"]
[Black "Eick, Michael"]
[Result "1-0"]
[WhiteElo "2035"]
[BlackElo "1743"]
[PlyCount "43"]
[EventDate "2009.10.18"]
[EventType "team-tourn"]
[EventRounds "9"]
[EventCountry "GER"]
[SourceTitle "EXT 2016"]
[Source "ChessBase"]
[SourceDate "2015.10.08"]
[SourceVersion "1"]
[SourceVersionDate "2015.10.08"]
[SourceQuality "1"]
[WhiteTeam "Neukloster III"]
[BlackTeam "Neukloster IV"]
[WhiteTeamCountry "GER"]
[BlackTeamCountry "GER"]

1. e4 c6 2. d4 d5 3. e5 Bf5 4. Nf3 e6 5. Be2 Nd7 6. 0-0 Ne7 7. Nbd2 a6 8. c4 dxc4 9. Nxc4 Nd5 10. Bg5 Qc7 11. Rc1 h6 12. Bh4 Nf4 13. Ne3 Bh7 14. d5 exd5 15. Nxd5 Nxd5 16. Qxd5 Qb6 17. Qc4 g5 18. e6 fxe6 19. Qxe6+ Be7 20. Nxg5 hxg5 21. Bh5+ Kd8 22. Rfd1 1-0

[Event "Mecklenburg VP LL2 West 0809"]
[Site "Mecklenburg VP"]
[Date "2009.03.01"]
[Round "7.1"]
[White "Laser, Dirk"]
[Black "Hanisch, Sebastian"]
[Result "0-1"]
[WhiteElo "2049"]
[BlackElo "2091"]
[PlyCount "53"]
[EventDate "2008.10.05"]
[EventType "team-tourn"]
[EventRounds "9"]
[EventCountry "GER"]
[SourceTitle "EXT 2022"]
[Source "ChessBase"]
[SourceDate "2021.10.06"]
[SourceVersion "1"]
[SourceVersionDate "2021.10.06"]
[SourceQuality "1"]
[WhiteTeam "Neukloster III"]
[BlackTeam "Schwerin SF III"]
[WhiteTeamCountry "GER"]
[BlackTeamCountry "GER"]

1. e4 c5 2. Nf3 e6 3. d4 cxd4 4. Nxd4 Nf6 5. Nc3 Qb6 6. Nb3 Bb4 7. Bd3 Bxc3+ 8. bxc3 d6 9. 0-0 0-0 10. Be3 Qc7 11. f4 e5 12. f5 b6 13. g4 Bb7 14. Nd2 Qxc3 15. Qe2 d5 16. g5 dxe4 17. gxf6 exd3 18. Qg4 g6 19. fxg6 hxg6 20. Qh3 Qc6 21. Nf3 Qxf6 22. Ng5 Qg7 23. Nxf7 Rxf7 24. Bh6 Rxf1+ 25. Rxf1 Qd7 26. Rf8+ Kh7 27. Qh4 0-1

[Event "Mecklenburg VP LL2 West 0708"]
[Site "Mecklenburg VP"]
[Date "2008.02.10"]
[Round "6.4"]
[White "Laser, Dirk"]
[Black "Fleischer, Martin"]
[Result "1-0"]
[WhiteElo "1823"]
[BlackElo "1719"]
[PlyCount "117"]
[EventDate "2007.10.21"]
[EventType "team-tourn"]
[EventRounds "9"]
[EventCountry "GER"]
[SourceTitle "EXT 2016"]
[Source "ChessBase"]
[SourceDate "2015.10.08"]
[SourceVersion "1"]
[SourceVersionDate "2015.10.08"]
[SourceQuality "1"]
[WhiteTeam "Neukloster III"]
[BlackTeam "Schwerin SV Einheit"]
[WhiteTeamCountry "GER"]
[BlackTeamCountry "GER"]

1. e4 e6 2. d4 d5 3. Nc3 dxe4 4. Nxe4 Be7 5. Nf3 Nf6 6. Nxf6+ Bxf6 7. Bd3 Nd7 8. 0-0 0-0 9. Re1 Re8 10. Bf4 g6 11. Qe2 Nf8 12. c3 Bd7 13. Be4 c6 14. Rad1 a5 15. Qd2 a4 16. Ne5 Qe7 17. Nc4 Bc8 18. Bf3 Rd8 19. Qe3 Ra6 20. g4 g5 21. Bg3 h6 22. Nd2 Ng6 23. Be2 b5 24. Ne4 Ra7 25. Nc5 Qe8 26. Bd3 Nf8 27. h4 Be7 28. Ne4 f6 29. hxg5 hxg5 30. f3 Rb7 31. a3 Qf7 32. Kg2 Rd5 33. Rh1 Qg7 34. Rh5 Bd7 35. Rdh1 Be8 36. Rh6 Bg6 37. Bb1 Rbd7 38. Ba2 Bxe4 39. fxe4 R5d6 40. e5 Rd5 41. Bxd5 Rxd5 42. Qe4 c5 43. Kf2 cxd4 44. cxd4 Bd8 45. Rh8+ Qxh8 46. Rxh8+ Kxh8 47. exf6 Bxf6 48. Be5 Bxe5 49. dxe5 Rd2+ 50. Ke1 Rxb2 51. Qd4 Rb3 52. Qd8 Kg8 53. Qxg5+ Kf7 54. Qf6+ Ke8 55. g5 Rxa3 56. g6 Nxg6 57. Qxg6+ Kd7 58. Qf7+ Kc6 59. Qxe6+ 1-0

[Event "Mecklenburg VP LL 0506"]
[Site "Mecklenburg VP"]
[Date "2006.02.19"]
[Round "7.7"]
[White "Birnbaum, Wolf Dieter"]
[Black "Laser, Dirk"]
[Result "1/2-1/2"]
[WhiteElo "1915"]
[BlackElo "2026"]
[PlyCount "32"]
[EventDate "2005.10.23"]
[EventType "team-tourn"]
[EventRounds "9"]
[EventCountry "GER"]
[SourceTitle "EXT 2008"]
[Source "ChessBase"]
[SourceDate "2007.11.25"]
[SourceVersion "1"]
[SourceVersionDate "2007.11.25"]
[SourceQuality "1"]
[WhiteTeam "Warnemuende SF Ostsee"]
[BlackTeam "Neukloster"]
[WhiteTeamCountry "GER"]
[BlackTeamCountry "GER"]

1. Nf3 d5 2. c4 c6 3. d4 Nf6 4. g3 Bg4 5. Bg2 e6 6. 0-0 Nbd7 7. cxd5 exd5 8. Qb3 Qb6 9. Qe3+ Kd8 10. Nc3 Bd6 11. Qg5 Bxf3 12. Bxf3 g6 13. e4 h6 14. Qh4 Be7 15. exd5 Nxd5 16. Qe4 N7f6 1/2-1/2

[Event "Mecklenburg VP LL2 West 0405"]
[Site "Mecklenburg VP"]
[Date "2004.12.12"]
[Round "4.6"]
[White "Laser, Dirk"]
[Black "Dittrich, Carsten"]
[Result "0-1"]
[WhiteElo "1658"]
[BlackElo "1915"]
[PlyCount "72"]
[EventDate "2004.10.24"]
[EventType "team-tourn"]
[EventRounds "9"]
[EventCountry "GER"]
[SourceTitle "EXT 2016"]
[Source "ChessBase"]
[SourceDate "2015.10.08"]
[SourceVersion "1"]
[SourceVersionDate "2015.10.08"]
[SourceQuality "1"]
[WhiteTeam "Neukloster"]
[BlackTeam "Schwerin SV Einheit"]
[WhiteTeamCountry "GER"]
[BlackTeamCountry "GER"]

1. e4 c5 2. Nf3 Nc6 3. d4 cxd4 4. Nxd4 Nf6 5. Nc3 e5 6. Ndb5 h6 7. Nd5 Nxd5 8. exd5 a6 9. Nc3 Nd4 10. Bd3 d6 11. 0-0 Qh4 12. f4 Bg4 13. Be2 Nxe2+ 14. Nxe2 Be7 15. Qd3 Bxe2 16. Qxe2 0-0 17. a4 Bd8 18. Ra3 Qe7 19. f5 f6 20. Qg4 Bb6+ 21. Kh1 Rf7 22. Bxh6 Kf8 23. Bd2 Rc8 24. Rh3 Ke8 25. c3 Kd7 26. a5 Bc5 27. Qa4+ Kc7 28. b4 Ba7 29. Rb1 Kb8 30. b5 Qd7 31. c4 axb5 32. cxb5 Bd4 33. Rhb3 Qxf5 34. a6 b6 35. a7+ Ka8 36. Ra3 Qxb1+ 0-1

[Event "Rostock  PSV op 04th"]
[Site "Rostock"]
[Date "2004.08.28"]
[Round "5"]
[White "Laser, Dirk"]
[Black "Prueter, Reinhard"]
[Result "1-0"]
[WhiteElo "1822"]
[BlackElo "1637"]
[PlyCount "49"]
[EventDate "2004.08.26"]
[EventType "swiss"]
[EventRounds "7"]
[EventCountry "GER"]
[SourceTitle "EXT 2007"]
[Source "ChessBase"]
[SourceDate "2006.11.23"]
[SourceVersion "1"]
[SourceVersionDate "2006.11.23"]
[SourceQuality "1"]

1. e4 d6 2. d4 Nf6 3. Nc3 g6 4. Be3 Bg7 5. Qd2 a6 6. 0-0-0 b5 7. f3 0-0 8. g4 Bb7 9. h4 Nbd7 10. h5 b4 11. Nce2 c5 12. hxg6 fxg6 13. Bh6 Rf7 14. Bxg7 Rxg7 15. Nf4 Nf8 16. dxc5 Qa5 17. Bc4+ Kh8 18. cxd6 exd6 19. Qxd6 Nxe4 20. fxe4 Bxe4 21. Rh2 Qg5 22. Ngh3 Qe7 23. Qxe7 Rxe7 24. Re1 Rae8 25. Rhe2 1-0

[Event "Mecklenburg VP LL2 West 0304"]
[Site "Mecklenburg VP"]
[Date "2003.12.14"]
[Round "4.1"]
[White "Kiel, Bernd"]
[Black "Laser, Dirk"]
[Result "1-0"]
[WhiteElo "1964"]
[BlackElo "1783"]
[PlyCount "23"]
[EventDate "2003.09.28"]
[EventType "team-tourn"]
[EventRounds "9"]
[EventCountry "GER"]
[SourceTitle "EXT 2022"]
[Source "ChessBase"]
[SourceDate "2021.10.06"]
[SourceVersion "1"]
[SourceVersionDate "2021.10.06"]
[SourceQuality "1"]
[WhiteTeam "Guestrow/Teterow"]
[BlackTeam "Warnemuende SF Ostsee II"]
[WhiteTeamCountry "GER"]
[BlackTeamCountry "GER"]

1. e4 c5 2. Nf3 d6 3. c3 g6 4. d4 cxd4 5. Qxd4 e5 6. Nxe5 dxe5 7. Qxe5+ Qe7 8. Qxh8 Nf6 9. Bh6 Qxe4+ 10. Be2 Nfd7 11. Nd2 Qe6 12. 0-0 1-0

[Event "Mecklenburg VP LL2 West 0304"]
[Site "Mecklenburg VP"]
[Date "2003.09.28"]
[Round "1.1"]
[White "Reznik, Leonid"]
[Black "Laser, Dirk"]
[Result "0-1"]
[WhiteElo "1872"]
[BlackElo "1783"]
[PlyCount "80"]
[EventDate "2003.09.28"]
[EventType "team-tourn"]
[EventRounds "9"]
[EventCountry "GER"]
[SourceTitle "EXT 2022"]
[Source "ChessBase"]
[SourceDate "2021.10.06"]
[SourceVersion "1"]
[SourceVersionDate "2021.10.06"]
[SourceQuality "1"]
[WhiteTeam "Rostock HSG Uni II"]
[BlackTeam "Warnemuende SF Ostsee II"]
[WhiteTeamCountry "GER"]
[BlackTeamCountry "GER"]

1. d4 Nf6 2. c4 g6 3. Nf3 Bg7 4. g3 0-0 5. Bg2 d6 6. 0-0 c6 7. Nc3 Nbd7 8. e4 e5 9. d5 cxd5 10. cxd5 a5 11. Nd2 Nc5 12. Nc4 Rb8 13. a4 Ne8 14. Be3 b6 15. Nb5 Ba6 16. Bxc5 bxc5 17. Qd2 f5 18. Nxa5 Bxb5 19. axb5 Rxb5 20. Nc6 Qb6 21. Ra2 fxe4 22. Bxe4 Nf6 23. f3 c4+ 24. Kg2 Rb3 25. Qe2 Re3 26. Qc2 Nxe4 27. fxe4 Rxf1 28. Kxf1 Rf3+ 29. Kg2 Rf8 30. Qe2 Bh6 31. Ra3 Bc1 32. Rc3 Bxb2 33. Rxc4 Bd4 34. Qg4 Qb1 35. Ne7+ Kg7 36. Nf5+ Kh8 37. Rc7 Qb2+ 38. Kh3 Bg1 39. Kh4 Qxh2+ 40. Kg5 gxf5 0-1

[Event "Rostock  PSV op 03rd"]
[Site "Rostock"]
[Date "2003.08.28"]
[Round "2"]
[White "Hinkelmann, Dieter"]
[Black "Laser, Dirk"]
[Result "0-1"]
[WhiteElo "1552"]
[BlackElo "1801"]
[PlyCount "49"]
[EventDate "2003.08.28"]
[EventType "swiss"]
[EventRounds "7"]
[EventCountry "GER"]
[SourceTitle "EXT 2009"]
[Source "ChessBase"]
[SourceDate "2008.11.26"]
[SourceVersion "1"]
[SourceVersionDate "2008.11.26"]
[SourceQuality "1"]

1. e4 c5 2. Nf3 d6 3. d4 cxd4 4. Nxd4 Nf6 5. Nc3 g6 6. Be2 Bg7 7. Be3 0-0 8. 0-0 Nc6 9. f4 Bd7 10. f5 Rc8 11. Nxc6 Bxc6 12. Qd3 Qa5 13. Bd4 b5 14. a3 Rfd8 15. Qe3 Ra8 16. fxg6 hxg6 17. e5 dxe5 18. Bxe5 b4 19. axb4 Qxb4 20. Kh1 Qxb2 21. Nd5 Nxd5 22. Bxb2 Nxe3 23. Bxg7 Bxg2+ 24. Kg1 Bxf1 25. Bxf1 0-1

[Event "Rostock  PSV op 03rd"]
[Site "Rostock"]
[Date "2003.08.28"]
[Round "1"]
[White "Laser, Dirk"]
[Black "Rudolf, Henrik"]
[Result "0-1"]
[WhiteElo "1801"]
[BlackElo "2316"]
[PlyCount "48"]
[EventDate "2003.08.28"]
[EventType "swiss"]
[EventRounds "7"]
[EventCountry "GER"]
[SourceTitle "EXT 2009"]
[Source "ChessBase"]
[SourceDate "2008.11.26"]
[SourceVersion "1"]
[SourceVersionDate "2008.11.26"]
[SourceQuality "1"]

1. e4 d6 2. d4 Nf6 3. Nc3 g6 4. Be3 c6 5. Qd2 Nbd7 6. 0-0-0 e5 7. f4 Ng4 8. Nf3 Nxe3 9. Qxe3 Qe7 10. fxe5 dxe5 11. Bd3 exd4 12. Nxd4 Bg7 13. Kb1 0-0 14. h4 Ne5 15. h5 Bg4 16. Be2 Rfd8 17. hxg6 hxg6 18. Qg3 Bxe2 19. Ndxe2 Nc4 20. Rh3 Qb4 21. b3 Rxd1+ 22. Nxd1 Rd8 23. c3 Rxd1+ 24. Kc2 Rd2+ 0-1